Bhashayude janadhipathyam/ (Record no. 181962)

000 -LEADER
fixed length control field 00429nam a2200157 4500
020 ## - INTERNATIONAL STANDARD BOOK NUMBER
ISBN 9789361009655
082 ## - DEWEY DECIMAL CLASSIFICATION NUMBER
Classification number M 494.812 07
Item number DIV/B
100 ## - MAIN ENTRY--AUTHOR NAME
Personal name Divakaran R V M
245 ## - TITLE STATEMENT
Title Bhashayude janadhipathyam/
Statement of responsibility, etc by Divakaran R V M
260 ## - PUBLICATION, DISTRIBUTION, ETC. (IMPRINT)
Place of publication Thiruvananthapuram:
Name of publisher Kerala bhasha institute,
Year of publication 2024.
300 ## - PHYSICAL DESCRIPTION
Number of Pages 186p.
650 ## - SUBJECT ADDED ENTRY--TOPICAL TERM
Topical Term Language Malayalam Study
650 ## - SUBJECT ADDED ENTRY--TOPICAL TERM
Topical Term Language Malayalam
650 ## - SUBJECT ADDED ENTRY--TOPICAL TERM
Topical Term Language
942 ## - ADDED ENTRY ELEMENTS (KOHA)
Koha item type Book
Holdings
Withdrawn status Lost status Damaged status Not for loan Permanent Location Current Location Shelving location Date acquired Cost, normal purchase price Full call number Accession Number Price effective from Koha item type
        Sree Sankaracharya University of Sanskrit Sree Sankaracharya University of Sanskrit Stacks 03.06.2026 180.00 M 494.812 07 DIV/B 109048 03.06.2026 Book